000 00344nam a22001457a 4500
003 OSt
005 20220216102119.0
008 220216b |||||||| |||| 00| 0 eng d
020 _a084931867-X
040 _cH U
082 _a629.8
100 _aOzbay Hitay
_930651
245 _aIntroduction To Feedback Control Theory
942 _2ddc
_cBOOKS
_n0
999 _c30540
_d30540